|
|
|
|
| LEADER |
00000nam0a2200000 4500 |
| 001 |
254002 |
| 005 |
20231101232909.0 |
| 020 |
|
|
|a RU
|b 89-43086
|
| 035 |
|
|
|a (RuTPU)RU\TPU\book\276423
|
| 090 |
|
|
|a 254002
|
| 100 |
|
|
|a 20140318d1989 m a0rusy5003 ca
|
| 101 |
0 |
|
|a rus
|
| 102 |
|
|
|a RU
|
| 105 |
|
|
|a ac z 000zb
|
| 200 |
1 |
|
|a Работаю актером
|f М. А. Ульянов
|
| 205 |
|
|
|a 2-е изд., стер.
|
| 210 |
|
|
|a Москва
|c Искусство
|d 1989
|
| 215 |
|
|
|a 394 с.
|c ил.
|
| 606 |
1 |
|
|a Актеры
|2 stltpush
|3 (RuTPU)RU\TPU\subj\1657
|9 30390
|
| 610 |
1 |
|
|a актерское искусство
|
| 610 |
1 |
|
|a русский театр
|
| 610 |
1 |
|
|a кино
|
| 610 |
1 |
|
|a драматический театр
|
| 610 |
1 |
|
|a СССР
|
| 610 |
1 |
|
|a персоналии
|
| 610 |
1 |
|
|a биографии
|
| 610 |
1 |
|
|a жизнь
|
| 610 |
1 |
|
|a творчество
|
| 675 |
|
|
|a 791
|z rus
|
| 700 |
|
1 |
|a Ульянов
|b М. А.
|c российский актер
|c народный артист СССР
|f 1927-2007
|g Михаил Александрович
|2 stltpush
|3 (RuTPU)RU\TPU\pers\13377
|9 4032
|
| 801 |
|
0 |
|a RU
|b RuMRKP
|c 19950417
|g psbo
|
| 801 |
|
1 |
|a RU
|b 63413507
|c 20140318
|
| 801 |
|
2 |
|a RU
|b 63413507
|c 20140619
|g RCR
|
| 942 |
|
|
|c BK
|